00245nam a2200097Ia 4500008004100000100001900041245002900060260003300089300000900122650001600131191201s2012 xx 000 0 und d aSAEED,S. Hasan 0aAutomatic control System aN. delhibS.k. Katariac2012 aNULL aB.Tech(ECE)